Estaba oscuro y sospechosamente tranquilo : una historia en la costa /
"¡Todo es absurdo", murmuró una mujer. "Es un científico; que no les quepa duda. Y se dedica a hacer experimentos peligrosos. Seguro que está investigando un arma nueva para probarla con peces, y como todo es tan venenoso y apestoso, hasta tiene que sacar al jardín los recipientes vac...
Guardado en:
| Autor Principal: | |
|---|---|
| Otros Autores: | |
| Formato: | Libro |
| Publicado: |
Córdoba :
Ediciones de la Magnolia,
2013.
|
| Edición: | 1a ed. |
| Series: | Libros del zorro rojo
|
| Materias: | |
| Etiquetas: |
Agregar Etiqueta
Sin Etiquetas, Sea el primero en etiquetar este registro!
|
| LEADER | 01365nam a22002895a 4500 | ||
|---|---|---|---|
| 001 | CEM.cems015529 | ||
| 008 | 130507s2013##################000#0#####d | ||
| 005 | 20250528191236.0 | ||
| 245 | 1 | 0 | |a Estaba oscuro y sospechosamente tranquilo : |b una historia en la costa / |c Einar Turkowski ; traducido Por Marisa Delgado |
| 250 | |a 1a ed. | ||
| 260 | |a Córdoba : |b Ediciones de la Magnolia, |c 2013. | ||
| 300 | |a 24 p. | ||
| 490 | 0 | |a Libros del zorro rojo | |
| 500 | |a Título original: Es war finster und merkwürdig still | ||
| 520 | |a "¡Todo es absurdo", murmuró una mujer. "Es un científico; que no les quepa duda. Y se dedica a hacer experimentos peligrosos. Seguro que está investigando un arma nueva para probarla con peces, y como todo es tan venenoso y apestoso, hasta tiene que sacar al jardín los recipientes vacíos. ¡Nos va a matar a todos!". | ||
| 020 | |a 9789872680558 | ||
| 100 | 1 | |a Turkowski, Einar | |
| 700 | 1 | |a Delgado, Marisa; trad. | |
| 082 | 0 | 4 | |a 833.9 |
| 653 | |a Literatura | ||
| 653 | |a Literatura alemana | ||
| 653 | |a Literatura infantil | ||
| 653 | |a Cuentos infantiles | ||
| 653 | |a Historieta | ||
| 859 | |a CEMS |b BIB. CEMS - Inicial y Primaria |h 833.9 |i T489-1 |k IP |p 3954 |t Ej. 1 | ||
| 859 | |a CEMS |b BIB. CEMS - Ccias. Educacion |h 833.9 |i T489-1 |k CE |p 28789.19 |t Ej.1 | ||
| 859 | |a CEMS |b BIB. CEMS - Inicial y Primaria |h 833.9 |i T489-1 |k IP |p 5679 |t Ej.2 | ||
